01358nam a2200361Ia 4500001001200000003000800012006001900020007001500039008004100054010001700095020002800112020001500140020003100155020001800186040002100204035002100225050002400246082001800270100002700288245011800315260004400433300001800477490004400495504004100539533015200580650003100732650002800763655002900791710001600820710001700836856012600853999001700979ebr10606579CaPaEBRm u cr cn|||||||||120604s2012 dcu sb i000 0 eng d z 2012020577 z0821395815 (alk. paper) z0821395823 z9780821395813 (alk. paper) z9780821395820 aCaPaEBRcCaPaEBR a(OCoLC)79811114614aHT119b.C685 2012eb04a307.760952231 aCoulibaly, Souleymane.10aEurasian citiesh[electronic resource] :bnew realities along the Silk Road /cSouleymane Coulibaly ... [et al.]. aWashington, D.C. :bWorld Bank,cc2012. axliii, 244 p.0 aEastern Europe and Central Asia reports aIncludes bibliographical references. aElectronic reproduction.bPalo Alto, Calif. :cebrary,d2011.nAvailable via World Wide Web.nAccess may be limited to ebrary affiliated libraries. 0aCities and townszEurasia. 0aCity planningzEurasia. 7aElectronic books.2local2 aWorld Bank.2 aebrary, Inc.40uhttp://site.ebrary.com/lib/rucke/Doc?id=10606579zAn electronic book accessible through the World Wide Web; click to view c97317d97317